000 00919nam0a2200265 4500
001 RU\NLR\bibl\1696249
005 20260407070809.0
010 _a978-5-8189-0885-4
_bГелеос
010 _a978-5-7905-4504-7
_bРипол Классик
_910000
035 _a(NLR Aleph) 001687345
090 _a1139027
_c1139027
100 _a20101109d2009 |||y0rusy50 ca
101 1 _arus
_cfre
102 _aRU
105 _ay |||||||||
200 1 _aМуравьи
_e[роман]
_fБернард Вербер
_g[пер. с фр.: К.В. Левиной]
210 _aМосква
_cГелеос
_cРипол Классик
_d2009
215 _a379, [2] с.
_d16
686 _aШ6(4Фр)67-440.4{Лх1649-50}
700 1 _4070
_7ca
_8rus
_aВербер
_bБ.
_f1961-
_gБернар
_3RU\NLR\AUTH\770178439
_9178388
801 0 _aRU
_bNLR
_c20101109
_gRCR
801 1 _aRU
_bNLR
_c20101109
942 _cBOOK
980 _aNB